00956cam a22002651 4500001001300000003000400013005001700017008004100034010001700075035001900092040004800111050002500159082001200184100002700196245005700223260004800280300003800328490005500366500008300421500005700504650003800561650004100599650003300640999001700673l 47000023 DLC20260227111540.0790514s1946 dcu b f000 0 eng c al 47000023  a(OCoLC)4960982 aU.S. Dept. of Labor. Libr.cWMUWdWMUWdDLC00aHD8051b.A62 no. 869 a331.8251 aZisman, Joseph,d1901-10aWorkmen's compensation and the protection of seamen. aWashington,bU.S. Govt. Print. Off.,c1946. avii, 93 p.bincl. tables.c23 cm.0 aU.S. Bureau of Labor Statistics. Bulletinvno. 869 aAt head of title: United States Dept. of Labor ... Bureau of Labor Statistics. a"Prepared by Joseph Zisman."--Letter of transmittal. 0aMerchant marinerszUnited States. 0aEmployers' liabilityzUnited States. 0aMaritime lawzUnited States. c36563d36563